|
|
|
|
| LEADER |
03742nam a22004455i 4500 |
| 001 |
978-0-85729-358-9 |
| 003 |
DE-He213 |
| 005 |
20151204154329.0 |
| 007 |
cr nn 008mamaa |
| 008 |
110525s2011 xxk| s |||| 0|eng d |
| 020 |
|
|
|a 9780857293589
|9 978-0-85729-358-9
|
| 024 |
7 |
|
|a 10.1007/978-0-85729-358-9
|2 doi
|
| 040 |
|
|
|d GrThAP
|
| 050 |
|
4 |
|a RC927-927.5
|
| 072 |
|
7 |
|a MJM
|2 bicssc
|
| 072 |
|
7 |
|a MED083000
|2 bisacsh
|
| 082 |
0 |
4 |
|a 616.723
|2 23
|
| 245 |
1 |
0 |
|a Autoimmune Diseases
|h [electronic resource] :
|b Acute and Complex Situations /
|c edited by Munther A. Khamashta, Manuel Ramos-Casals.
|
| 264 |
|
1 |
|a London :
|b Springer London,
|c 2011.
|
| 300 |
|
|
|a XII, 416 p.
|b online resource.
|
| 336 |
|
|
|a text
|b txt
|2 rdacontent
|
| 337 |
|
|
|a computer
|b c
|2 rdamedia
|
| 338 |
|
|
|a online resource
|b cr
|2 rdacarrier
|
| 347 |
|
|
|a text file
|b PDF
|2 rda
|
| 505 |
0 |
|
|a Assessment and Management of the Rheumatological Patient on the Critical Care Unit .-Life-threatening Complications of Systemic Lupus Erythematosus -- Catastrophic Antiphospholipid Syndrome -- Complex Situations in Rheumatoid Arthritis.-Sjögren’s Syndrome: Beyond Sicca Involvement -- Systemic Sclerosis: Severe Involvement of Internal Organs -- Vasculitic Emergencies in Patients with Large-vessel Vasculitides -- Life-threatening Presentations of ANCA-related Vasculitis -- Severe Polyarteritis Nodosa.-Life-threatening Cryoglobulinemia -- Behçet Disease: Clinical Presentations Affecting Prognosis and Survival -- Myositis: When Weakness Can Kill -- Complicated Sarcoidosis: Challenges in Dealing with Severe Manifestations -- Complex Situations in Patients with Adult-onset Still’s Disease -- Managing Acute and Complex Dermatological Situations -- Life-threatening Autoimmune Haematological Disorders -- Autoimmune Ear, Nose and Throat Emergencies -- Ophthalmological Emergencies in Rheumatic and Autoimmune Diseases -- Emergencies for the Vascular Surgeon -- Complicated Pregnancy in Patients with Autoimmune Systemic Diseases -- The Complex Management of Viral-related Autoimmune Diseases -- The Role of Intravenous Immunoglobulins in the Management of Acute Complex Autoimmune Conditions.-Life-threatening Complications of Biological Therapies.
|
| 520 |
|
|
|a Autoimmune Diseases: Acute and Complex Situations provides a detailed overview of conditions associated with autoimmune diseases that are considered either life-threatening or requiring complex management. These include abdominal pain, arthritis, cutaneous ulcers, gastrointestinal hemorrhage, epilepsy, pancreatitis, stroke and white-matter CNS lesions. Autoimmune Diseases: Acute and Complex Situations addresses the latest clinical and immunological prognostic factors that may help to identify patients at higher risk of developing potentially life-threatening involvement. This book comprehensively helps the reader to diagnose these patients, in whom an early therapeutic approach is essential. Autoimmune Diseases: Acute and Complex Situations is a valuable reference tool for rheumatologists, internists, immunologists, and all the specialists involved in the multidisciplinary care of patient with rheumatic and systemic autoimmune diseases.
|
| 650 |
|
0 |
|a Medicine.
|
| 650 |
|
0 |
|a Internal medicine.
|
| 650 |
|
0 |
|a Rheumatology.
|
| 650 |
1 |
4 |
|a Medicine & Public Health.
|
| 650 |
2 |
4 |
|a Rheumatology.
|
| 650 |
2 |
4 |
|a Internal Medicine.
|
| 700 |
1 |
|
|a Khamashta, Munther A.
|e editor.
|
| 700 |
1 |
|
|a Ramos-Casals, Manuel.
|e editor.
|
| 710 |
2 |
|
|a SpringerLink (Online service)
|
| 773 |
0 |
|
|t Springer eBooks
|
| 776 |
0 |
8 |
|i Printed edition:
|z 9780857293572
|
| 856 |
4 |
0 |
|u http://dx.doi.org/10.1007/978-0-85729-358-9
|z Full Text via HEAL-Link
|
| 912 |
|
|
|a ZDB-2-SME
|
| 950 |
|
|
|a Medicine (Springer-11650)
|